|
|
|
|
| LEADER |
00000ckm a2200000 a 4500 |
| 001 |
vtls001381932 |
| 003 |
SK-MaSNL |
| 005 |
20260301161408.0 |
| 007 |
kf bo |
| 008 |
231120q1924 xo g 0k|slo |
| 015 |
|
|
|a SNBG
|
| 035 |
|
|
|a SNK000335967
|
| 035 |
|
|
|a urn:nbn:sk:snk-km43dse
|
| 035 |
|
|
|a 6A5C9FD9-75E1-4E95-8B53-8B9DF410A8B7
|
| 035 |
|
|
|a urn:nbn:sk:snk-km00ef85
|
| 040 |
|
|
|a SNK
|b slo
|c SNK
|e AACR2
|
| 041 |
0 |
|
|a slo
|
| 043 |
|
|
|a e-xo---
|
| 044 |
|
|
|a xo
|c SK
|
| 072 |
|
7 |
|a 913
|x Regionálna geografia
|2 konspekt
|
| 080 |
|
|
|a 913(437.6)
|2 2011
|
| 080 |
|
|
|a (084.121)
|2 2011
|
| 080 |
|
|
|a 352
|2 2011
|
| 245 |
0 |
0 |
|a Michalovce - Mestský dom
|h grafika
|
| 260 |
|
|
|a [Prešov]
|b Lichtig
|c [medzi 1924 a 1927?]
|
| 300 |
|
|
|a 1 pohľadnica
|b čiernobiela
|c 9 x 14 cm
|
| 500 |
|
|
|a Na adresnej strane uvedené: "Fabrication Francaise"
|
| 500 |
|
|
|a Číslo záberu 1
|
| 520 |
8 |
|
|a Zobrazenie: V bielom orámovaní pohľad na budovu mestského domu s cukrárňou "Ďurovčík" a obchodom s nápisom "Rehák a spol"
|
| 650 |
0 |
7 |
|a mestské úrady
|2 SNKPH
|9 84886
|
| 651 |
|
7 |
|a Michalovce (Slovensko)
|2 SNKPHgeo
|9 22487
|
| 655 |
|
7 |
|a miestne pohľadnice
|2 SNKPH
|9 70510
|
| 852 |
|
|
|a Slovenská národná knižnica
|
| 958 |
|
|
|a ONDV
|
| 958 |
|
|
|a GBN
|
| 958 |
|
|
|a GC
|
| 999 |
|
|
|c 809290
|d 811220
|
| 952 |
|
|
|t P60, <03>, [BOOK], {603}
|a SNK
|b SNK
|y PREZ
|7 0
|p 17A0225692
|o snkSP 64740
|0 0
|1 0
|4 0
|d 2000-01-31
|f 1
|l 0
|r 2005-01-02 00:00:00
|w 2026-02-24
|